Estados do Brasil - Statistics

Estatísticas Gerais
  • Esse quiz foi jogado 825 vezes
  • A pontuação média é 24 de 27
Estatísticas das Respostas
UF Estado % Correto
AC Acre
96%
BA Bahia
96%
MT Mato Grosso
96%
PA Pará
96%
AM Amazonas
95%
GO Goiás
95%
AL Alagoas
94%
CE Ceará
94%
RJ Rio de Janeiro
94%
DF Distrito Federal
93%
MG Minas Gerais
93%
ES Espírito Santo
92%
MS Mato Grosso do Sul
92%
AP Amapá
91%
PB Paraíba
90%
PE Pernambuco
89%
PR Paraná
88%
PI Piauí
88%
RS Rio Grande do Sul
87%
SP São Paulo
87%
RN Rio Grande do Norte
86%
MA Maranhão
85%
RR Roraima
82%
SC Santa Catarina
82%
RO Rondônia
81%
SE Sergipe
78%
TO Tocantins
77%
Nenhum quiz correspondente encontrado
Distribuição das Pontuações
Porcentagem de Pessoas com Cada Pontuação
Percentil de Números Respondidos
Sua Pontuação Histórica
Você não jogou esse quiz